01394nab a2200193 i 4500001001000000003001000010005001700020008004100037040003000078041000800108100003200116245008600148300005200234520067500286650001800961773019600979942000801175999001701183768714001CO-MdFUSB20221018164727.0221018s1955 ck ||||| |||| 00| 0 spa d bspacCO-MdFUSBdCO-MdFUSB aspa aKövecses, Géza, eautor aLiturgia pastoral en la formación espiritual del sacerdotec/ Géza Kövecses aNúmero 16, (1965), páginas 52 - 56c; 23 cm aLa Liturgia Pastoral es La pedagogía espiritual por excelencia en la formación del Clero. Y cualquier estructura del Seminario o en cualquier modalidad de formación, conservará su valor, porque revela en ella el ritmo sacramental de la vida de la iglesia. Forma en el sacerdote "élan" sacerdotal, la tendencia básica, que debe conservar durante toda su vida. Su misión es vivir el Misterio Pascual de Cristo en su totalidad y transmitirlo al Pueblo de Dios, anunciarlo a todo el mundo. Los educadores la deben colocar en su debido lugar, cuidando de que siempre conserve su influencia y su importancia centrales en la formación espiritual del sacerdote. 79206aLiturgia0 068207981327aSeminario Conciliar de Medellín, oR2114tRevista del Seminario Conciliar de Medellín - Colombia.w(CO-MdFUSB)768714001gNúmero 16, (1965), páginas 52 - 56qpáginas 52 cANA c68305d68305